000 00775cam a2200229 4500
008 011218n2001 000 0 eng u
020 _a1851125140
035 _a(Sirsi) u116033
050 _a711.10212
_c18
110 _aUnited Kingdom
_bDepartment of the Environment, Transport and the Regions
_93507
245 _aDevelopment control statistics, England 2000/01
260 _aLondon
_bDETR
_c2001
350 _a10
520 _aView at www.planning.odpm.gov.uk
650 _aDEVELOPMENT CONTROL
650 _aPLANNING APPEALS
650 _aPLANNING APPLICATIONS
650 _aPLANNING DECISIONS
690 _aPLANNING LAW AND PRACTICE
856 _uhttps://www.communities.gov.uk/index.asp?id=1146243
_vView the statistics on the ODPM website...
942 _n0
999 _c101807
_d101807